[Event "St Petersburg op"]
[Site "St Petersburg"]
[Date "1994.??.??"]
[Round "4"]
[White "Vlassov, Nikolai"]
[Black "Geller, Efim P"]
[Result "1-0"]
[WhiteElo "2390"]
[BlackElo "2490"]
[Annotator "Blatny,P"]
[PlyCount "51"]
[EventDate "1994.02.??"]
[EventType "swiss"]
[EventRounds "9"]
[EventCountry "RUS"]
[SourceTitle "CBM 041"]
[Source "ChessBase"]
[SourceDate "1994.08.01"]
[SourceVersion "1"]
[SourceVersionDate "1994.08.01"]
[SourceQuality "1"]

1. e4 e5 2. Bc4 Nf6 3. d3 Nc6 (3... d5 $5 {[+]}) 4. Nf3 (4. Nc3 {/\f4} Bc5 $10)
4... Be7 5. O-O O-O (5... d6 {/\Bg4,Qd7}) 6. Re1 d6 7. a4 (7. h3 {/\Nd2-f1-e3,
g3}) (7. c3 {Ruy Lopez structure}) 7... Be6 8. Nbd2 (8. Bxe6 fxe6 $10) 8... Re8
(8... Bxc4 9. Nxc4 {/\Ne3-f5 +/=}) 9. a5 {/\a6,><b5,c6,d5} a6 10. c3 (10. Bxe6
fxe6 11. Ng5 Qd7 {/\h6}) 10... Bf8 11. Bxe6 Rxe6 12. d4 exd4 (12... Re8 13. d5
Ne7 14. b4 Ng6 15. c4 $14 {/\Ra3 <->3}) 13. cxd4 Na7 $6 (13... Re8 {/\d5}) 14.
Ng5 Re7 15. e5 (15. Qf3 h6) 15... dxe5 16. dxe5 Nd7 $2 (16... Qd5 $142 17. exf6
$140 (17. Ndf3 $5) 17... Rxe1+ 18. Qxe1 Qxg5 $10) 17. Qc2 $1 g6 18. Ndf3 Qe8 (
18... Bg7 19. e6 fxe6 20. Nxe6 $16) 19. Bf4 Nc6 (19... h6 20. Ne4) 20. e6 $1
fxe6 21. Bxc7 h6 (21... Rc8 22. Bd6 h6 23. Bxe7 Nxe7 24. Qe2 hxg5 25. Qxe6+ Kg7
26. Nxg5 Nc5 27. Qe5+ Kg8 28. Rac1 $18) 22. Ne4 Bg7 23. Nd6 Qf8 24. Nxb7 $18
Nb4 25. Qb3 Rf7 26. Bd6 1-0

[Event "EU-Cup 24th"]
[Site "Kallithea"]
[Date "2008.10.23"]
[Round "7"]
[White "Bologan, Viktor"]
[Black "Naiditsch, Arkadij"]
[Result "1/2-1/2"]
[WhiteElo "2682"]
[BlackElo "2678"]
[Annotator "Bologan,V"]
[PlyCount "131"]
[EventDate "2008.10.17"]
[EventType "team-swiss"]
[EventRounds "7"]
[EventCountry "GRE"]
[SourceTitle "CBM 127"]
[Source "ChessBase"]
[SourceDate "2008.11.13"]
[SourceVersion "1"]
[SourceVersionDate "2008.11.13"]
[SourceQuality "1"]
[WhiteTeam "Sarajevo Bosna"]
[BlackTeam "Baden-Baden"]
[WhiteTeamCountry "BIH"]
[BlackTeamCountry "GER"]

{[%mdl 2]} 1. e4 e5 2. Nf3 Nc6 3. Bc4 Nf6 4. d3 Be7 5. O-O d6 {The funny part
of this game is that in our match which would be decisive for all three medals,
this position also appeared on the second board.} 6. a4 {If I want to play the
line with 7.a4 after short castling I must do this.} Bg4 (6... O-O 7. Re1) 7.
c3 O-O 8. Re1 {meanwhile my team-mate Predojevic spent considerably more time
then me and decided to deviate from my game with} (8. Nbd2 {which is also
possible} Kh8 (8... a6 9. Re1 d5 10. exd5 Nxd5 11. h3 Bh5 12. Ne4 Kh8 13. Ng3
Bg6 {Podgursky S 2260 - Andronescu M 2010, 13. 9.2008 II ROMGAZ Open} 14. Nxe5
Nxe5 15. Rxe5 c6 16. a5 $16) 9. a5 b6 10. axb6 $6 (10. b4 $5 bxa5 11. b5 $16)
10... axb6 11. Rxa8 Qxa8 12. b4 Nd8 13. h3 Be6 14. Bb2 Qb7 15. Re1 $6 (15. b5
Bxc4 16. Nxc4 Ne6 17. Ne3 Ra8 18. c4 {+/=/=}) 15... b5 16. Bb3 Bxb3 17. Qxb3
Ne6 18. g3 Kg8 19. Ra1 Ra8 20. Rxa8+ Qxa8 21. c4 Qb7 $11 {Predojevic B 2615 -
Bacrot E 2705, 23.10.2008 24th ECC}) 8... d5 {One should be very careful with
all these ...d5 moves.} 9. exd5 Nxd5 10. h3 {Just to cut the bishop off from
the d5-square for a while.} Bh5 11. a5 a6 12. Nbd2 Kh8 (12... Nf4 13. Ne4 Bd6
14. Bxf4 exf4 15. d4 $14) 13. Ne4 f6 (13... b5 14. axb6 Nxb6 15. Bb3 Bg6 {
1/2-1/2, Kurmann Oliver (SUI) 2417 - Burnier David (SUI) 2316, Lausanne 
(Switzerland) 2006.09.17} 16. Be3 h6 17. Nc5 Nd5 18. Nb7 Qd7 19. Bc5 $16) 14.
Qb3 $1 {Just few days ago, we were saying to our Qatarian students how
important it is to control the centre and that the best piece for the centre
is the knight. But in this specific position the knight doesn't have too many
choices.} Bxf3 (14... Nf4 15. Bxf4 exf4 16. Ned2 $16) 15. Bxd5 (15. gxf3 Nf4
16. Bxf4 exf4 17. d4 Rb8 $13) 15... Bh5 16. Be3 {What I liked about this game
was that all the white pieces except the rooks combined with each other.} Rb8 (
16... f5 17. Nc5 f4 18. Nxb7 fxe3 19. Nxd8 exf2+ 20. Kh1 fxe1=Q+ 21. Rxe1 $18)
17. Bc5 Be8 (17... f5 18. Bxc6 bxc6 19. Qa3 $1 $16) (17... Bxc5 18. Nxc5 Qd6 (
18... Nxa5 19. Qa2) 19. Nxb7 Rxb7 20. Qxb7 Qxd5 21. Qxa6 $16) 18. Qc4 {!} Bd6
19. d4 $1 f5 (19... Bg6 20. Nxd6 (20. b4 Ne7) 20... cxd6 21. Bb6 Qe7 22. Bxc6
Rfc8 23. d5 Be8 24. Qd3 bxc6 25. dxc6 Bxc6 26. Qxa6 {+/-/+/=}) 20. Nxd6 cxd6
21. Bb6 Qf6 22. dxe5 Nxe5 (22... dxe5 23. Bc7 Ra8 24. Qc5 e4 25. Bd6 $18) 23.
Qc7 (23. Qd4 Bc6 24. Bc7 Rbe8 25. Bxc6 Nxc6 26. Qxf6 gxf6 27. Bxd6 {+-/+/-})
23... Bc6 24. Bxc6 bxc6 25. Rad1 (25. f4 Ng6 26. Bd4 Qf7 27. Qxc6 Qb7 28. Qxb7
Rxb7 29. g3 $18) 25... Rfc8 26. Qxd6 Qxd6 27. Rxd6 Nc4 {To be honest I missed
that after 25...Rfc8 Black will get this fork.} 28. Rd7 Nxb6 29. axb6 Rxb6 30.
Ree7 Rg8 {Here I had almost half an hour against 1 minute for Black. On the
other boards in the match we were doing not so well but still all fighting. So
I decided to take my time and do everything as accurately as possible. But it
is one thing is to decide and quite another to do it.} 31. Rb7 $4 {Played too
fast.} ({I should have considered} 31. b4 {as well. For Black it is still not
easy to make a useful move. The idea is to gain some extra tempi before
exchanging the rooks.} Rb5 32. Rc7 a5 33. bxa5 Rxa5 34. Rxc6 Ra1+ 35. Kh2 $18)
31... Rxb7 32. Rxb7 g6 $1 {It is important that the king escapes by the
shortest route. Also the pawn on f5 becomes protected.} 33. Ra7 {After the
game both my opponent and I said that} (33. Kf1 a5 34. Ke2 Re8+ 35. Kd3 {
would give a easy win for White,} Re1 $14 {but I am not so sure about this
anymore.}) 33... Rb8 34. Rxa6 Rxb2 35. Rxc6 Kg7 36. Rc7+ Kh6 $1 {This is
exactly the move I underestimated when I went for this. Now with an active
king Black has very good drawing chances.} 37. f4 (37. g3 Rc2 38. Kg2 g5 39.
Rc6+ Kg7 (39... Kh5 {?} 40. c4 (40. Kf3 g4+ 41. hxg4+ fxg4+ 42. Ke3 Kg5 43. Rc8
h5) 40... Rc1 41. c5 Rc2 42. Rc8 Kg6 43. c6 Kg7 44. c7 Rc3 45. Kf1 Rc2 46. f4
gxf4 47. gxf4 Kh6 (47... Rc6 48. Ke2 Rc4 49. Kd3 Rc6 50. Kd4 Rc1 51. Ke5 Rc5+
52. Ke6 h6 53. Kd6 $18) 48. Ke1 Kh5 49. Kd1 Rc6 50. Kd2 Kh4 51. Ke3 Kxh3 52.
Kd4 h5 53. Ke5 h4 54. Kxf5 $18) 40. h4 (40. Kf3 h5 41. Ke3 g4 42. h4 Kf7 43. c4
Ke7 44. Rh6 Rxc4 45. Rxh5 Kf6 $11) 40... g4 41. h5 (41. Kf1 h5 42. c4 Kf7 43.
Ke1 Ke7 $11) 41... Rc1 $11) 37... Rc2 38. g4 g5 (38... fxg4 39. hxg4 Re2 40.
Rc4 Rc2 41. Kf1 Rh2 42. Re4 Kg7 43. g5 h5 $11) 39. Rc6+ Kg7 40. gxf5 (40. fxg5
fxg4 41. h4 g3 42. h5 Re2 43. Rc7+ Kg8 44. c4 Re5 45. c5 Rxg5 46. c6 Rc5 47. h6
Kf8 48. Kg2 Rc3 $11) 40... gxf4 41. c4 Kf7 42. c5 Ke7 43. h4 (43. Re6+ Kf7 44.
c6 Rc5 45. Rh6 Kg7 46. Rd6 Rxf5 $11) 43... h5 44. Re6+ Kf7 45. c6 Rc5 46. Rh6
Kg7 47. Rg6+ Kf7 48. Kf2 f3 49. Rh6 Kg7 50. Rg6+ (50. Rd6 Rc3 51. Kg3 Kf7 52.
Rh6 Kg7 53. Re6 Kf7 54. Rd6 Kg7 $11) 50... Kf7 51. Rh6 Kg7 (51... Rxf5 52. c7
Rc5 53. Rh8 $18) 52. Rd6 Rxf5 53. Rd7+ (53. c7 Rc5 54. Rd7+ Kf6 55. Kxf3 Ke6
56. Rh7 Kd6 57. Ke4 Rxc7 58. Rxc7 Kxc7 59. Kf5 Kd8 60. Kg6 Ke8 61. Kxh5 Kf8 $11
) 53... Kf6 54. Rh7 {The last moves were played with seconds on my clock; all
the chances to get on the podium (should I win, the team would win) were lost
back on the 31st move.} Kg6 55. Rd7 Rc5 56. Rd6+ Kf5 57. Kxf3 Rc3+ 58. Ke2 Ke5
59. Rh6 Kd5 60. Kf2 Rxc6 61. Rxh5+ Ke4 62. Kg3 Rg6+ 63. Kh3 Kf4 64. Ra5 Rg3+
65. Kh2 Re3 66. h5 1/2-1/2

[Event "YUG Cup"]
[Site "Ulcinj"]
[Date "1998.??.??"]
[Round "6"]
[White "Pikula, Dejan"]
[Black "Petronic, Jovan"]
[Result "1-0"]
[WhiteElo "2440"]
[BlackElo "2450"]
[Annotator "Bulletin"]
[PlyCount "95"]
[EventDate "1998.??.??"]
[EventType "team"]
[EventRounds "7"]
[EventCountry "YUG"]
[SourceTitle "EXT 1999"]
[Source "ChessBase"]
[SourceDate "1998.11.16"]
[SourceVersion "1"]
[SourceVersionDate "1998.11.16"]
[SourceQuality "1"]

1. e4 e5 2. Bc4 Nf6 3. d3 Nc6 4. Nf3 Be7 5. O-O O-O 6. a4 d6 7. Nbd2 Be6 8. c3
Qd7 9. Re1 Rfe8 10. Bxe6 fxe6 (10... Qxe6 11. d4 exd4 12. cxd4 d5 13. e5 Nd7
$11) 11. d4 exd4 12. cxd4 Bf8 13. e5 dxe5 14. dxe5 Nd5 (14... Ng4 $5) 15. Ne4
Nb6 16. Qe2 Nd4 17. Nxd4 Qxd4 18. Bf4 Nd5 19. Bg3 Rad8 20. Rec1 h6 21. a5 a6
22. Rc4 Qa7 23. Qh5 b5 24. Rc6 $2 (24. Nf6+ $1 Nxf6 (24... gxf6 25. Qg6+ Bg7
26. exf6 $18) 25. exf6 c5 26. Rg4 Qf7 27. Qxh6 Rd4 28. fxg7 $1 Bxg7 $16) 24...
Qd4 25. Qg6 Kh8 26. Qg4 Qxb2 27. Rf1 Qd4 28. h3 b4 29. Rd1 Ne3 $5 30. Rxd4 Nxg4
31. Rxd8 Rxd8 32. hxg4 $2 b3 $4 (32... Rd1+ $1 33. Kh2 $8 b3 34. Rxc7 b2 35.
Nc3 Bb4 $1 36. Nxd1 b1=Q $17) 33. Rc1 Rd4 (33... Bb4 $5) 34. f3 c5 35. Be1 c4
36. Bc3 Rd3 37. Bb2 Bb4 38. Rxc4 Bxa5 39. Rc6 Rd1+ 40. Kh2 Rb1 41. Rxa6 Bc7 42.
Rc6 Ba5 43. Bd4 Rd1 44. Ra6 Bc7 45. Bc3 Rc1 46. Rxe6 Ba5 47. Bxa5 b2 48. Nd2
1-0

[Event "World U20-ch22"]
[Site "Belfort"]
[Date "1983.08.24"]
[Round "11"]
[White "Short, Nigel D"]
[Black "D'Amore, Carlo"]
[Result "1/2-1/2"]
[WhiteElo "2510"]
[BlackElo "2305"]
[Annotator "Bulletin/Primel,D"]
[PlyCount "119"]
[EventDate "1983.08.12"]
[EventType "swiss"]
[EventRounds "13"]
[EventCountry "FRA"]
[SourceTitle "EXT 2004"]
[Source "ChessBase"]
[SourceDate "2003.11.25"]
[SourceVersion "1"]
[SourceVersionDate "2003.11.25"]
[SourceQuality "1"]

1. e4 e5 2. Nf3 Nc6 3. Bc4 Nf6 4. d3 (4. Ng5 d5 5. exd5 Na5 6. Bb5+ c6) 4... h6
({plus courant} 4... Bc5 5. c3 (5. Nc3)) 5. O-O d6 {[%cal Gg7g6,Gf8g7]} 6. c3
g6 7. Re1 Bg7 8. Nbd2 O-O 9. Bb3 {Gardant la paire de B après Na5 et donnant
un milleu de jeu assez proche des thèmes de l'ouverture Espagnole.} Nh5 {
[%csl Gf4]} (9... Na5 10. Bc2 c5 11. Nf1 {[%csl Rd5][%cal Gf1e3,Gf1g3]} b5) 10.
Nf1 (10. Nc4 Kh7 11. d4 Bg4 12. d5 Nb8 13. h3 Bc8 14. Bc2) 10... Kh7 11. h3 Be6
(11... Na5 12. Bc2) 12. Bxe6 fxe6 13. g3 {[%csl Gf4]} a5 $146 (13... Qe8 14.
N1h2 g5 15. h4 gxh4 16. Nxh4 Qf7 17. Ng4 Nf6 18. Nxf6+ Bxf6 19. Nf3 Rg8 20. Kg2
Raf8 21. Rh1 Rg6 22. Qe2 Kg7 23. Bd2 Rh8 24. Rh3 Kf8 25. Rah1 Bg7 26. Be3 Ke7
27. b4 Kd7 28. a4 {Dobrovolsky,L (2345)-Banas,J (2380)/Stary Smokovec 1981/EXT
1998/1-0 (52)}) 14. Kg2 a4 $1 $132 15. N1h2 Nf6 16. d4 $6 {les pièces blanches
sont assez mal placées pour ouvrir au centre, en particulier le B} (16. Be3 {
[%cal Gb2b4]} Qe7 17. Ng4 Rf7 {[%csl Rf3][%cal Ga8f8]} 18. b4 Raf8 (18... axb3
$143 19. axb3 Raf8 20. Nd2) 19. Nd2) 16... exd4 17. cxd4 Qd7 (17... a3 $5 18.
b3 {[%csl Rb4,Rc3]} d5 $15) 18. Qd3 Nb4 $1 {[%csl Gb4]} 19. Qc3 Qb5 $36 20. Bd2
c5 $17 21. a3 {[%csl Rb3]} Nc6 22. Rac1 Rad8 23. Qc4 Qxc4 24. Rxc4 Nxe4 $1 (
24... b5 25. Rcc1) 25. dxc5 d5 26. Rxa4 Bxb2 27. Rb1 (27. Re2 {[%cal Gd2h6,
Ge2b2]} Bg7) 27... Bg7 28. Rb5 Rd7 29. Be1 Bc3 $6 (29... Rdf7 $1 {les blancs
sont quasiment en zugzwang} 30. h4 Kg8 31. Kg1 d4 {[%csl Gd4]} 32. h5 g5 33.
Kg2 (33. Rc4 Rxf3) 33... e5 34. Kg1 Nc3 35. Bxc3 dxc3 $40) 30. Rb1 (30. Rxe4
dxe4 31. Ng5+ hxg5 32. Bxc3 Rdf7 33. Ng4 {[%cal Gg4f2]}) 30... Nxc5 31. Rf4 $5
{29. Bc3?! a conduit а des simplifications qui facilitent la défense des
blancs même au détriment d'un affaiblissement de la structure des P} Rxf4 32.
gxf4 Bxe1 33. Nxe1 d4 34. Nhf3 Kg7 35. Nd2 Rf7 (35... Ne7) 36. Rb5 Rf5 37. Nb3
Nxb3 38. Rxb7+ Kf6 39. Rxb3 Rxf4 40. Nd3 {[%csl Gd3][%cal Gd3f4] Le N bloqueur
gagne un tempo} Rf5 41. Rb6 Ne7 42. Ra6 Nd5 {[%cal Gd5f4] menaçant d'échanger
le N bloqueur} 43. Kg3 Nc3 44. f3 Ne2+ 45. Kf2 Nf4 46. Nxf4 Rxf4 47. a4 Rf5 48.
a5 Rh5 {Pour essayer d'éloigner le K du centre et libérer l'avance du P "d"}
49. Kg3 Rd5 $1 {[%csl Gd5][%cal Gd4d1]} 50. Kf2 d3 51. Ke1 Rf5 52. Kf2 Rh5 53.
Ra8 Rxh3 54. Ke3 Kg5 55. a6 d2 56. Rd8 $1 {Le coup sous enveloppe lors du
second ajournement} (56. Kxd2 $143 Rxf3 {[%csl Gh6][%cal Gh6h1]}) 56... Rh1 57.
Kxd2 Ra1 58. Ra8 Ra3 59. a7 h5 60. Ke2 1/2-1/2

[Event "Khanty-Mansiysk FIDE GP (Women)"]
[Site "Khanty-Mansiysk"]
[Date "2014.04.09"]
[Round "1"]
[White "Muzychuk, Anna"]
[Black "Batchimeg, Tuvshintugs"]
[Result "1-0"]
[WhiteElo "2560"]
[BlackElo "2340"]
[Annotator "ChessBase Website"]
[PlyCount "161"]
[EventDate "2014.04.09"]
[EventType "tourn"]
[EventRounds "11"]
[EventCountry "RUS"]
[EventCategory "10"]
[SourceTitle "CBM 160"]
[Source "ChessBase"]
[SourceDate "2014.05.15"]
[SourceVersion "1"]
[SourceVersionDate "2014.05.15"]
[SourceQuality "1"]
[TimeControl "40/5400+30:1800+30"]
[WhiteClock "1:30:00"]
[BlackClock "1:30:00"]

1. e4 {[%emt 0:00:00]} e5 {[%emt 0:00:00]} 2. Nf3 {[%emt 0:00:00]} Nc6 {
[%emt 0:00:00]} 3. Bc4 {[%emt 0:00:00]} Nf6 {[%emt 0:00:31]} 4. d3 {[%emt 0:00:
21]} Be7 {[%emt 0:00:29]} 5. O-O {[%emt 0:00:20]} d6 {[%emt 0:00:53]} 6. a4 {
[%emt 0:02:22]} Na5 {[%emt 0:04:08]} (6... O-O 7. Re1 Na5 8. Ba2 c5 9. c3 a6
10. d4 Qc7 11. Na3 Bg4 12. h3 Bh5 13. dxe5 dxe5 14. Nc4 Nxc4 15. Bxc4 Rad8 16.
Qe2 Bg6 17. Nd2 Rd7 18. a5 Nh5 19. Nf1 Qd8 20. Be3 h6 21. Red1 Rxd1 22. Rxd1
Qc8 23. Qg4 Qxg4 24. hxg4 Nf6 25. f3 Rc8 26. Nd2 Kf8 27. Bb3 Nh7 28. Nc4 f6 29.
Rd7 Rb8 30. Nb6 Be8 31. Bd5 Ng5 32. Rxb7 Rxb7 33. Bxb7 Ne6 34. Bxa6 Nc7 35. Bb7
Bb5 36. Nd5 {Saric,I (2637)-Zhao,X (2567) Wijk aan Zee 2014 1-0}) 7. Ba2 {
[%emt 0:01:13]} Be6 $146 {[%emt 0:03:17]} (7... c5 8. Nc3 Nc6 9. Nd5 Nxd5 10.
Bxd5 O-O 11. c3 Bf6 12. Bd2 Ne7 13. Bc4 d5 14. exd5 Nxd5 15. a5 Rb8 16. Re1 b5
17. axb6 Nxb6 18. Bb3 Qxd3 19. Bc2 Qd6 20. Qe2 Bb7 21. Rxa7 g6 22. Bh6 Rfe8 23.
Ng5 Nc8 24. Ra4 Qb6 25. Ne4 Bxe4 26. Bxe4 Qxb2 27. Qf3 Bg7 28. Bd5 Rf8 29. Bxg7
Kxg7 30. Qe3 f6 31. Rh4 h5 32. Qxc5 Qb6 33. Rc4 Qxc5 34. Rxc5 Nd6 35. Rc7+ Kh6
36. Rc6 Nf5 37. Be6 {Howell,D (2639)-Hebden,M (2555) Torquay 2013 1/2-1/2}) 8.
b4 {[%emt 0:13:55]} Bxa2 {[%emt 0:03:13]} 9. Rxa2 {[%emt 0:00:07]} Nc6 {
[%emt 0:00:06]} 10. c3 {[%emt 0:01:34]} a6 {[%emt 0:03:16]} 11. Re1 {[%emt 0:
04:48]} O-O {[%emt 0:03:37]} 12. Qb3 {[%emt 0:03:02]} Re8 {[%emt 0:05:07]} 13.
c4 {[%emt 0:05:02]} a5 {[%emt 0:10:26]} 14. b5 {[%emt 0:00:19]} Nb4 {[%emt 0:
01:29][%csl Rb4] Black's offside knight on b4 was the bane of her existence,
as it was impossible to ever bring it back to the game. Mainly due to this she
was slowly crushed on the kingside where she was simply playing down a piece.}
15. Rd2 {[%emt 0:04:16]} Nd7 {[%emt 0:06:27]} 16. Nc3 {[%emt 0:01:17]} c5 {
[%emt 0:22:20]} 17. Qd1 {[%emt 0:07:18]} Nf8 {[%emt 0:06:26]} 18. Qe2 {[%emt 0:
02:48]} Bg5 {[%emt 0:06:04]} 19. Nxg5 {[%emt 0:04:42]} Qxg5 {[%emt 0:00:02]}
20. Rdd1 {[%emt 0:01:16]} Qg6 {[%emt 0:01:34]} 21. f4 {[%emt 0:08:31]} exf4 {
[%emt 0:00:56]} 22. Bxf4 {[%emt 0:00:48]} Qf6 {[%emt 0:03:27]} 23. Qd2 {
[%emt 0:00:23]} Ng6 {[%emt 0:02:23]} 24. Rf1 {[%emt 0:03:49]} Nxf4 {[%emt 0:03:
12]} 25. Rxf4 {[%emt 0:00:18]} Qe5 {[%emt 0:04:21]} 26. Rf5 {[%emt 0:04:40]}
Qd4+ {[%emt 0:01:33]} 27. Kh1 {[%emt 0:00:33]} g6 {[%emt 0:00:24]} 28. Rf3 {
[%emt 0:02:08]} b6 {[%emt 0:00:39]} 29. Ne2 {[%emt 0:04:56]} Qe5 {[%emt 0:00:
11]} 30. Rdf1 {[%emt 0:00:28]} Ra7 {[%emt 0:00:44]} 31. Ng1 {[%emt 0:03:23]}
Qd4 {[%emt 0:01:02]} 32. Ne2 {[%emt 0:06:49]} Qe5 {[%emt 0:00:10]} 33. Rg3 {
[%emt 0:00:26]} Rd7 {[%emt 0:00:54]} 34. Nf4 {[%emt 0:01:28]} Ree7 {[%emt 0:02:
41]} 35. h4 {[%emt 0:04:57]} Qf6 {[%emt 0:02:13]} 36. h5 {[%emt 0:02:38]} Re5 {
[%emt 0:01:45]} 37. Qe2 {[%emt 0:01:54]} Qh4+ {[%emt 0:00:33]} 38. Rh3 {
[%emt 0:00:07]} Qg5 {[%emt 0:00:21]} 39. Qf3 {[%emt 0:03:15]} Qf6 {[%emt 0:01:
25]} 40. Qg4 {[%emt 0:00:00]} Rd8 {[%emt 0:00:00]} 41. Kh2 {[%emt 0:10:57]} Qg5
{[%emt 0:06:00]} 42. Qf3 {[%emt 0:01:57]} Qf6 {[%emt 0:14:06]} 43. Rg3 {
[%emt 0:05:39]} Qh4+ {[%emt 0:05:09]} 44. Kg1 {[%emt 0:01:04]} Qf6 {[%emt 0:00:
38]} 45. Qg4 {[%emt 0:01:33]} Qg7 {[%emt 0:04:42]} 46. Qh4 {[%emt 0:02:29]}
Rde8 {[%emt 0:01:26]} 47. Qh3 {[%emt 0:05:07]} R5e7 {[%emt 0:00:59]} 48. Kh1 {
[%emt 0:01:18]} Qh6 {[%emt 0:01:17]} 49. Qf5 {[%emt 0:03:06]} Kh8 {[%emt 0:00:
54]} 50. Qf6+ {[%emt 0:00:34]} Qg7 {[%emt 0:00:03]} 51. Qxd6 {[%emt 0:00:43]}
Qe5 {[%emt 0:01:08]} 52. Qxb6 {[%emt 0:03:58]} g5 {[%emt 0:00:24]} 53. Ne2 {
[%emt 0:00:21]} Re6 {[%emt 0:00:07]} 54. Qb7 {[%emt 0:01:20]} R6e7 {[%emt 0:00:
16]} 55. Qb6 {[%emt 0:00:15]} Re6 {[%emt 0:00:05]} 56. Qxa5 {[%emt 0:00:25]}
Rh6 {[%emt 0:00:14]} 57. Qa7 {[%emt 0:00:51]} Rxh5+ {[%emt 0:00:49]} 58. Kg1 {
[%emt 0:00:01]} Re7 {[%emt 0:00:27]} 59. Qb6 {[%emt 0:00:32]} Kg7 {[%emt 0:00:
21]} 60. d4 {[%emt 0:00:33]} cxd4 {[%emt 0:01:06]} 61. Qxd4 {[%emt 0:00:47]}
Qxd4+ {[%emt 0:00:51]} 62. Nxd4 {[%emt 0:00:02]} Rxe4 {[%emt 0:00:08]} 63. Nf5+
{[%emt 0:00:28]} Kg6 {[%emt 0:00:06]} 64. Nd6 {[%emt 0:00:56]} Rd4 {[%emt 0:00:
12]} 65. Nxf7 {[%emt 0:00:24]} g4 {[%emt 0:00:22]} 66. Re3 {[%emt 0:00:50]} Kg7
{[%emt 0:02:08]} 67. Re7 {[%emt 0:00:25]} Kf8 {[%emt 0:00:25]} 68. Rc7 {
[%emt 0:00:29]} Ke8 {[%emt 0:00:21]} 69. c5 {[%emt 0:00:30]} Nd5 {[%emt 0:00:
46]} 70. Nd6+ {[%emt 0:00:31]} Kd8 {[%emt 0:00:01]} 71. Ra7 {[%emt 0:00:31]}
Nf4 {[%emt 0:00:17]} 72. Rf7 {[%emt 0:00:28]} Ne2+ {[%emt 0:00:31]} 73. Kf2 {
[%emt 0:00:04]} Re5 {[%emt 0:00:57]} 74. Re1 {[%emt 0:01:04]} g3+ {[%emt 0:00:
11]} 75. Kf3 {[%emt 0:00:32]} Rxd6 {[%emt 0:00:50]} 76. cxd6 {[%emt 0:00:28]}
Nd4+ {[%emt 0:00:01]} 77. Kxg3 {[%emt 0:00:14]} Rxe1 {[%emt 0:00:05]} 78. b6 {
[%emt 0:00:36]} Rb1 {[%emt 0:01:42]} 79. b7 {[%emt 0:00:33]} Nf5+ {[%emt 0:00:
22]} 80. Rxf5 {[%emt 0:00:11]} Kd7 {[%emt 0:00:42]} 81. Rb5 {[%emt 0:00:11]}
1-0

[Event "RUS-chT 03rd"]
[Site "Kazan"]
[Date "1995.??.??"]
[Round "4"]
[White "Belikov, Vladimir"]
[Black "Smagin, Sergey"]
[Result "0-1"]
[WhiteElo "2480"]
[BlackElo "2545"]
[Annotator "Dolmatov,S"]
[PlyCount "156"]
[EventDate "1995.??.??"]
[EventType "team-tourn"]
[EventRounds "9"]
[EventCountry "RUS"]
[SourceTitle "CBM 051"]
[Source "ChessBase"]
[SourceDate "1996.04.01"]
[SourceVersion "1"]
[SourceVersionDate "1996.04.01"]
[SourceQuality "1"]
[WhiteTeam "Moscow CSKA"]
[BlackTeam "Azov Ladya"]
[WhiteTeamCountry "RUS"]
[BlackTeamCountry "RUS"]

1. e4 e5 2. Nf3 Nc6 3. Bc4 Be7 4. O-O d6 5. c3 Nf6 6. d3 O-O 7. Bb3 Na5 8. Bc2
c5 9. a3 (9. d4 $5 cxd4 10. cxd4 Nc6 11. h3 Nb4 12. Bb3 a5 13. Nc3 $14) 9...
Nc6 10. b4 a6 11. h3 d5 12. exd5 Nxd5 13. Re1 Bf6 $5 (13... Qc7 14. Bb2 $14)
14. bxc5 (14. Nfd2 $5 $14) 14... Bf5 (14... Qa5 $6 15. Bg5 (15. Nfd2 $6 Nxc3
16. Nxc3 Qxc3 17. Nb3 Nd4 $15) 15... Qxc5 16. Bxf6 Nxf6 17. d4 exd4 18. cxd4
Qa5 $14) 15. Nfd2 Nf4 16. Ne4 Bxe4 17. Rxe4 Ne6 18. Be3 Bg5 (18... Qe7 19. d4
exd4 20. cxd4 Ncxd4 21. Bxd4 Bxd4 22. Rxd4 Nxd4 23. Qxd4 Rad8) 19. Nd2 Bxe3 20.
fxe3 $6 (20. Rxe3 Nxc5 21. Nc4 f6 $132) 20... Nxc5 21. Rc4 Nxd3 22. Qh5 (22.
Qe2 Nb2 23. Bxh7+ Kxh7 24. Qh5+ Kg8 25. Rh4 f6 26. Ne4) 22... f5 $1 23. Rh4 h6
24. Bb3+ Kh8 $17 25. Nf3 Qe8 26. Qg5 Qe7 $2 (26... Rf6 $17) 27. Qxe7 (27. Rxh6+
gxh6 28. Qxh6+ Qh7 $19) 27... Nxe7 28. Bc4 Rad8 29. Rd1 (29. Ng5 $2 Ng6 30. Rh5
Rd7 $15) 29... e4 30. Bxd3 exf3 (30... exd3 31. Rd4 $10) 31. gxf3 Nc6 (31...
Nd5 $6 32. Bxa6 $5 bxa6 33. Rhd4) 32. Kf2 Rd5 33. Bc2 (33. Be2 Rc5 34. Rd7 Rxc3
35. Rxb7 Rxa3) 33... Rc5 34. c4 Na5 35. Bd3 Rfc8 $15 36. Rf4 g6 37. Rd4 (37. h4
$5 Rd8 38. Rd4) 37... R8c7 38. Kg3 $2 (38. Rg1 Nc6 (38... Kg7 $2 39. Rd6 $10)
39. Rd6 (39. Rxg6 Nxd4 40. exd4 R5c6 41. Rg1 f4 42. Rg4 $15) 39... Ne5) (38. f4
$5 Kg7 39. Kf3 $10) 38... Kg7 39. h4 Nc6 40. Rd6 Ne5 41. Be2 Re7 (41... Nxc4 $2
42. Bxc4 Rxc4 43. Rd7+ Kf8 44. R1d6 $10) 42. Rb6 $2 (42. Kf2 $5 Nxc4 43. Bxc4
Rxc4 44. Rd7 Rc7 45. Rxe7+ Rxe7 46. Rd6 $10) 42... Nf7 (42... Nxc4 $2 43. Bxc4
Rxc4 44. Rdd6 $10) 43. Kf2 Rce5 44. Rg1 (44. f4 $5 Rxe3 45. Bf3 Rxa3 46. Rxb7
Rxb7 47. Bxb7 $132) 44... g5 45. hxg5 hxg5 46. Rb3 f4 47. e4 Rd7 $17 48. Rd1
Rxd1 49. Bxd1 Re7 50. Rd3 Ne5 51. Rd5 Kf6 52. c5 Rc7 53. Kg2 Nc4 54. Kf2 (54.
Rf5+ Kg6 55. Kf2 Ne3 $19) 54... Ne3 55. Rd6+ Ke5 56. Be2 Rxc5 57. Rb6 Rc7 58.
Rg6 Rh7 59. Rxg5+ Kd4 60. a4 Kc3 61. Kg1 Kd2 62. Bf1 Nxf1 63. Kxf1 Ke3 64. Kg2
Rc7 65. e5 Rc2+ 66. Kg1 Kxf3 67. Rg7 Rc1+ 68. Kh2 Re1 69. Rxb7 Rxe5 70. Rb6
Rh5+ 71. Kg1 Ra5 72. Rb3+ Kg4 73. Ra3 Rc5 74. a5 Rc1+ 75. Kf2 Rc2+ 76. Ke1 f3
77. Kd1 Rb2 78. Kc1 Rh2 0-1